[Event "Mecklenburg VP LL1 0506"]
[Site "Mecklenburg VP"]
[Date "2005.12.11"]
[Round "4.1"]
[White "Blanck, Michael"]
[Black "Bigalke, Steffen"]
[Result "1/2-1/2"]
[WhiteElo "1989"]
[BlackElo "1761"]
[PlyCount "130"]
[EventDate "2005.10.23"]
[EventType "team"]
[EventRounds "9"]
[EventCountry "GER"]
[SourceTitle "EXT 2008"]
[Source "ChessBase"]
[SourceDate "2007.11.25"]
[SourceVersion "1"]
[SourceVersionDate "2007.11.25"]
[SourceQuality "1"]
[WhiteTeam "Pasewalk"]
[BlackTeam "Torgelow II"]
[WhiteTeamCountry "GER"]
[BlackTeamCountry "GER"]

1. e4 c5 2. Nf3 Nc6 3. d4 cxd4 4. Nxd4 g6 5. Nc3 Bg7 6. Be3 Nf6 7. Be2 0-0 8. 0-0 d5 9. exd5 Nxd5 10. Nxd5 Qxd5 11. Bf3 Qc4 12. Nxc6 bxc6 13. c3 Rb8 14. Qc1 a5 15. b3 Qxc3 16. Qxc3 Bxc3 17. Rac1 Bb4 18. Bf4 Rb6 19. Bxc6 Bb7 20. Bxb7 Rxb7 21. Rfd1 Ra8 22. g3 Ba3 23. Rc4 Rb4 24. Rxb4 Bxb4 25. Rc1 Rd8 26. Kf1 f5 27. Ke2 e5 28. Bg5 Rd7 29. Rc2 Kf7 30. Bd2 Ke6 31. a4 Rb7 32. Bxb4 Rxb4 33. Rc3 Kd5 34. Kd2 f4 35. f3 e4 36. gxf4 exf3 37. Ke3 f2 38. Kxf2 Rxf4+ 39. Kg2 Rb4 40. Rh3 Rb7 41. Rc3 Rb4 42. Rh3 Kc5 43. Kf2 Rb7 44. Ke2 Kb4 45. Kd2 Ka3 46. Kc2 Rc7+ 47. Kd2 Kb2 48. Kd1 Rb7 49. Kd2 Rxb3 50. Rxh7 Ka3 51. Rh6 Kxa4 52. Rxg6 Rb2+ 53. Kc3 Rxh2 54. Rb6 Rh3+ 55. Kc2 Rh4 56. Kc3 Ka3 57. Rb8 Rb4 58. Ra8 a4 59. Kc2 Rb7 60. Rc8 Ka2 61. Rc6 a3 62. Kc1 Kb3 63. Kb1 Rh7 64. Rc1 Rh2 65. Rg1 Rb2+ 1/2-1/2

[Event "Mecklenburg VP LL1 0506"]
[Site "Mecklenburg VP"]
[Date "2005.11.13"]
[Round "2.1"]
[White "Elsner, Norbert"]
[Black "Bigalke, Steffen"]
[Result "1/2-1/2"]
[WhiteElo "1915"]
[BlackElo "1761"]
[PlyCount "82"]
[EventDate "2005.10.23"]
[EventType "team"]
[EventRounds "9"]
[EventCountry "GER"]
[SourceTitle "EXT 2008"]
[Source "ChessBase"]
[SourceDate "2007.11.25"]
[SourceVersion "1"]
[SourceVersionDate "2007.11.25"]
[SourceQuality "1"]
[WhiteTeam "Neubrandenburg SV Turbine"]
[BlackTeam "Torgelow II"]
[WhiteTeamCountry "GER"]
[BlackTeamCountry "GER"]

1. g3 e5 2. c4 d6 3. Bg2 f5 4. Nc3 Nf6 5. e3 c6 6. d4 e4 7. f3 d5 8. fxe4 fxe4 9. Nge2 Na6 10. cxd5 cxd5 11. 0-0 Nc7 12. Bd2 Bd6 13. Qb3 b6 14. Nf4 Bxf4 15. Rxf4 Be6 16. a4 0-0 17. Raf1 Qd7 18. Ne2 Nh5 19. Rxf8+ Rxf8 20. Rxf8+ Kxf8 21. Bb4+ Kg8 22. Ba3 Qf7 23. Bd6 Ne8 24. Be5 Bg4 25. Qc2 Bf3 26. Nf4 Bxg2 27. Qxg2 Nhf6 28. Bxf6 Nxf6 29. Qh3 g5 30. Qc8+ Kg7 31. Ne6+ Kh6 32. h3 Nd7 33. Qc6 Nf6 34. g4 Qd7 35. Qxd7 Nxd7 36. Nc7 Nf6 37. Nb5 a5 38. Nd6 Kg6 39. Kg2 h5 40. Kg3 hxg4 41. hxg4 Nd7 1/2-1/2

[Event "Greifswald op 3rd"]
[Site "Greifswald"]
[Date "2005.07.09"]
[Round "5"]
[White "Schoenrock, Ruediger"]
[Black "Bigalke, Steffen"]
[Result "1-0"]
[WhiteElo "2126"]
[BlackElo "1762"]
[PlyCount "33"]
[EventDate "2005.07.07"]
[EventType "swiss"]
[EventRounds "7"]
[EventCountry "GER"]
[SourceTitle "EXT 2007"]
[Source "ChessBase"]
[SourceDate "2006.11.23"]
[SourceVersion "1"]
[SourceVersionDate "2006.11.23"]
[SourceQuality "1"]

1. e4 c5 2. c3 d5 3. exd5 Qxd5 4. d4 Nc6 5. Nf3 cxd4 6. cxd4 e5 7. Nc3 Bb4 8. Bd2 Bxc3 9. Bxc3 e4 10. Ne5 Nxe5 11. dxe5 Ne7 12. Qc2 Bd7 13. Rd1 Qxa2 14. Qxe4 Qb3 15. Bc4 Qb6 16. Bxf7+ Kxf7 17. Rxd7 1-0